| 000 | 00605nam a2200217 a 4500 | ||
|---|---|---|---|
| 001 | 3071 | ||
| 003 | CDMR | ||
| 005 | 20131030105000.0 | ||
| 008 | 130130s1982||||||||||||||||||||||||||||d | ||
| 020 | _a8474422957 | ||
| 040 |
_aCDMR _bcat _cCDMR |
||
| 100 | 1 |
_aCiriza, Marisa _92245 |
|
| 245 | 1 | 0 |
_aPeriodismo confidencial _cMarisa Ciriza |
| 260 |
_aBarcelona _c1982 _bA.T.E. |
||
| 300 | _a147 p. | ||
| 490 | 0 | _aTextos de Periodismo | |
| 650 | 0 | 4 |
_93564 _aPeriodisme _xFonts d'informació |
| 650 | 0 | 4 |
_9999 _aPeriodisme _xAspectes polítics |
| 650 | 0 | 4 |
_93087 _aSecret professional _xPeriodisme |
| 942 |
_cMON _2udc |
||
| 999 |
_c3071 _d3071 |
||